| 000 | 01171nam a22002657a 4500 | ||
|---|---|---|---|
| 005 | 20170124102946.0 | ||
| 010 | _aA-458576 | ||
| 020 | _c60.00 | ||
| 035 | _aA-458576 | ||
| 037 | _bCen Lib/Ret | ||
| 040 |
_aDPL _bHN |
||
| 082 |
_a821 _bसमका |
||
| 245 |
_aसमकालीन हिंदी कविता / _cसंपादक परमानद श्रीवास्तव |
||
| 246 |
_aSamkaleen Hindi kavita / _bsampadak Permanad Shreevastava |
||
| 260 |
_a नयी दिल्ली _bसाहित्य अकेडमी _c1990 |
||
| 270 |
_bनयी दिल्ली _aरविन्द्र भवन,३५, फेरोज्शः मार्ग _e110001 |
||
| 300 |
_a267पृ. _c१९से मी(सजिल्द ) |
||
| 500 | _aपरिशिष्ट शामिल | ||
| 650 |
_aहिंदी साहित्य _x _z _950115 |
||
| 650 |
_aहिंदी काव्य _950116 |
||
| 650 |
_aHindi literature _950117 |
||
| 650 |
_aHindi poetry _950118 |
||
| 700 |
_aश्रीवास्तव, परमानंद _944612 |
||
| 942 |
_2ddc _cHN _h821 _mसमका |
||
| 999 |
_c112995 _d112995 |
||